BUBT Library Online Catalog

বরফ গলা নদী / (Record no. 6037)

000 -LEADER
fixed length control field 00760nam a22002057a 4500
003 - CONTROL NUMBER IDENTIFIER
control field BUBTL
008 - FIXED-LENGTH DATA ELEMENTS--GENERAL INFORMATION
fixed length control field 190505b xxu||||| |||| 00| 0 eng d
020 ## - INTERNATIONAL STANDARD BOOK NUMBER
International Standard Book Number 978-984-404-347-3
082 ## - DEWEY DECIMAL CLASSIFICATION NUMBER
Classification number 891.443/ R13b/ 1998
100 ## - MAIN ENTRY--PERSONAL NAME
9 (RLIN) 5152
Personal name রায়হান, জহির
245 ## - TITLE STATEMENT
Title বরফ গলা নদী /
Statement of responsibility, etc. জহির রায়হান
250 ## - EDITION STATEMENT
Edition statement 1st Edn
260 ## - PUBLICATION, DISTRIBUTION, ETC. (IMPRINT)
Place of publication, distribution, etc. ঢাকা:
Name of publisher, distributor, etc. অনুপম প্রকাশনী,
Date of publication, distribution, etc. c1998
300 ## - PHYSICAL DESCRIPTION
Extent 96 p.:
Dimensions 22 cm.
505 ## - FORMATTED CONTENTS NOTE
Formatted contents note বরফ গলা নদী, জহির রায়হান, বাংলা সাহিত্য
650 #0 - SUBJECT ADDED ENTRY--TOPICAL TERM
9 (RLIN) 1689
Topical term or geographic name as entry element বাংলা সাহিত্য
856 ## - ELECTRONIC LOCATION AND ACCESS
Password 0
Logon 0
Link text Download
942 ## - ADDED ENTRY ELEMENTS (KOHA)
Source of classification or shelving scheme
Koha item type Books
Holdings
Withdrawn status Lost status Source of classification or shelving scheme Damaged status Not for loan Collection code Permanent location Current location Shelving location Date acquired Source of acquisition Inventory number Total Checkouts Total Renewals Full call number Barcode Date last seen Date last checked out Copy number Price effective from Koha item type
          Fiction Bangladesh University of Business and Technology Library Bangladesh University of Business and Technology Library Fiction 10/25/2016 Purchase 22742 9 11 891.443/ R13b/ 1998 BUBTL-200322742 03/20/2024 03/13/2024 C-1 05/05/2019 Books
          Fiction Bangladesh University of Business and Technology Library Bangladesh University of Business and Technology Library Fiction 01/09/2023 Purchase 22741 6   891.443/ R13b/ 1998 BUBTL-200322741 03/14/2024 03/10/2024 C-2 01/09/2023 Books

More Information About Library

Library Hours

  • Open: 9.00 am. to 9.00 pm.
  • Only Sunday: 9.00 am. to 6.00 pm.
  • Closed: Holiday

Contact to the University

Bangladesh University of Business and Technology Library

  • Mirpurl-2, 1216.
  • Phone:
  • Fax:
  • E-Mail: admin.library@bubt.edu.bd

Contact to the Library

Contact Person:

Md. Abdul Hakim Shah
Joint Librarian
PABX No:  113
Cell No: 01816332931
E-mail: official: admin.library@bubt.edu.bd
Personal: hakim.shah@bubt.edu.bd


BUBT Library

Copyright © 2021